| 000 | 01059cab a22002535a 4500 | ||
|---|---|---|---|
| 001 | L144179 | ||
| 008 | 080701e20082806xxka f v 000 0 eng d | ||
| 035 | _a(Sirsi) u144179 | ||
| 041 | 0 | _aeng | |
| 100 | 1 | _aWoolhouse, Bartle | |
| 245 | 0 | 4 | _aThe time has now come to act sensibly |
| 260 | _c2008 | ||
| 490 |
_aEstates Gazette _v(825) 28 June 2008, 164-166(2) |
||
| 520 | _aDiscusses the RICS Dilapidations Guidance Note, its likely effects and the main points the surveyor needs to consider. When using it in practice. Argues that landlords and tenants should stop making overstated claims and inappropriate defences which is what has tended to happen in the past. | ||
| 590 | _aKA | ||
| 650 | 2 | 4 | _aRICS DILAPIDATIONS GUIDANCE NOTE |
| 650 | 2 | 4 | _aCIVIL PROCEDURE RULES 1998 |
| 650 | 2 | 4 | _aLANDLORD AND TENANT ACT 1927 |
| 650 | 2 | 4 | _aPROPERTY LITIGATION ASSOCIATION PROTOCOL FOR TERMINAL DILAPIDATIONS CLAIMS FOR DAMAGES |
| 651 | 4 |
_aUnited Kingdom _y |
|
| 690 | _aPROPERTY-LANDLORD AND TENANT-DILAPIDATIONS | ||
| 700 | 1 | _aKing, Vivien | |
| 942 | _n0 | ||
| 999 |
_c80371 _d80371 |
||